Statistics for Slipknot Lyric Quiz

Click here to take the quiz!

General Stats

  • This quiz has been taken 106 times
  • The average score is 7 of 15

Answer Stats

HintAnswer% Correct
You can't see California without Marlon Brando's eyesEyeless
86%
Separate the skin from boneDuality
82%
Undo these chains, my friendDevil In I
65%
I'm already inside you(sic)
57%
You asked me to love you and I didDead Memories
53%
I haven't smiled in yearsSolway Firth
46%
Don't belong, don't existSurfacing
44%
Kill you, fuck youMy Plague
38%
Hands on my face, overbearingPurity
34%
The only thing I ever really loved was hurting youThe Nameless
33%
I can paint with painEverything Ends
28%
The one who rose is a motherfucking monsterOrphan
25%
Scream till your heart stops beatingScream
24%
Svengali, why are we the enemies?The Negative One
23%
I don't wanna do this anymoreThe Shape
14%

Score Distribution

Percentile by Number Answered

Percent of People with Each Score

Your Score History

You have not taken this quiz